Testi non toscani del quatrociento

Gespeichert in:
Bibliographische Detailangaben
Hauptverfasser: Migliorini, Bruno (autor), Folena, Gianfranco (VerfasserIn)
Format: Buch
Sprache:Italienisch
Veröffentlicht: Módena Società Tipografica Modenese 1953
Schriftenreihe:Testi e Manuali, 39
Schlagworte:
Tags: Tag hinzufügen
Keine Tags, Fügen Sie den ersten Tag hinzu!

MARC

LEADER 00000nam a2200000 a 4500
001 UCU8468
003 CL-VaPUC
008 960726e19530000IT |||||||||||||||||ita|d
082 0 4 |a 856  |b MIG  |2 21 
100 |a Migliorini, Bruno  |e autor  |9 461531 
700 0 |a Folena, Gianfranco  |e author  |9 367667 
245 1 0 |a Testi non toscani del quatrociento 
300 |a 199 p 
942 |c BK 
945 |d 19960726 00:00:00  |a rbrito 
260 |a Módena  |b Società Tipografica Modenese  |c 1953 
650 0 |a Literatura italiana  |9 266970 
650 7 |a CORRESPONDENCIAS  |2 CL-VaPUC  |9 256500 
650 0 |a Poesías italianas  |9 265352 
650 0 |a Prosa italiana  |9 267269 
583 |a last modification  |c 19960726 00:00:00  |k Rodrigo Vera 
490 0 |a Testi e Manuali, 39 
999 |c 250773  |d 250771 
952 |0 0  |1 0  |4 0  |6 856_000000000000000_MIG_1953  |7 0  |8 A  |9 269265  |a BIBEDU  |b BIBEDU  |d 2019-11-19  |i 3117464  |o 856 MIG 1953  |p 3117464  |r 2019-11-19  |w 2019-11-19  |y BK  |k LIT